00793nam a22001937a 450000500170000001000150001702000270003203500140005903700090007308200100008210000320009224500960012426000510022027001310027130000260040294200240042899900190045295201280047120240703162910.0 aENG-140747 c1895.00a9788195577552 aEN-124279 bDBAD a664.7 aChattopadhyay, P. K.968074 aHandbook on Maize (Corn) Processing and Manufacture of Maize Products/cP. K. Chattopadhyay aDelhibNiir Project Consultancy Servicesc2019 bDelhia106-E, Opp. Spark Mall, Kamla Nagare110007k01123842955k01123845886k08800733955mnpcs.india@gmail.comminfo@niir.org axix, 484p.c21cm (pb) 2ddccENh664.7mCHA c203921d203921 001040708NFICaLbLd2024-07-03eDBADg1895.00l0o664.7 CHApEN-124279r2024-07-03 00:00:00t1v1895.00w2024-07-03yEN